Statistics for 90 secs Countries of the World: by same middle letter

Click here to take the quiz!

General Stats

  • This quiz has been taken 189 times
  • The average score is 75 of 98

Answer Stats

COUNTRY % Correct
Grenada
93%
Tonga
93%
Dominican Republic
93%
Argentina
93%
Indonesia
93%
Antigua and Barbuda
93%
Burkina Faso
93%
Afghanistan
93%
Benin
93%
Kenya
93%
Armenia
92%
Algeria
92%
Liberia
92%
Senegal
92%
Nigeria
92%
Costa Rica
92%
Federated States of Micronesia
92%
Czech Republic
92%
Switzerland
92%
Bahamas
92%
Saudi Arabia
92%
Albania
92%
South Africa
92%
Liechtenstein
92%
Trinidad and Tobago
92%
Vatican City
92%
Guatemala
92%
Lebanon
92%
Belarus
92%
Singapore
92%
Spain
92%
Jamaica
92%
Somalia
92%
Ghana
92%
Ecuador
92%
Croatia
92%
San Marino
92%
Sierra Leone
92%
Romania
92%
Ukraine
92%
Italy
92%
Cote d'Ivoire
83%
China
83%
Haiti
83%
Tunisia
83%
Mauritius
83%
Chile
83%
Bolivia
83%
Swaziland
83%
Namibia
83%
Yemen
77%
Germany
77%
Samoa
77%
Denmark
77%
Austria
76%
Eritrea
76%
East Timor
76%
Vietnam
76%
Qatar
76%
Finland
71%
Ireland
71%
Iceland
71%
Palau
71%
Marshall Islands
71%
Malta
71%
Australia
68%
Nicaragua
68%
Bahrain
68%
Netherlands
68%
Georgia
68%
Burma
68%
Syria
68%
Comoros
65%
Lesotho
65%
Andorra
65%
Estonia
65%
Morocco
65%
Macedonia
60%
Sudan
60%
Moldova
60%
India
60%
Belgium
59%
Uruguay
59%
Niger
59%
Hungary
59%
Lithuania
58%
Burundi
58%
Nauru
58%
Vanuatu
58%
United Kingdom
57%
Nepal
49%
Philippines
49%
Japan
49%
Venezuela
39%
Egypt
28%
Gabon
27%
Libya
27%
Cape Verde
18%

Score Distribution

Percentile by Number Answered

Percent of People with Each Score

Your Score History

You have not taken this quiz